Southern Miss Football: Top 10 All-Time Leaders - Statistics

General Stats
  • This quiz has been taken 4 times
  • The average score is 23 of 45
Answer Stats
Category # Player Amount % Correct
Passing Yards 3 Brett Favre 7,695
100%
Rushing Yards 2 Ito Smith 4,536
100%
Passing Yards 1 Nick Mullens 11,994
100%
Sacks 1 Adalius Thomas 34.5
67%
Passing Yards 2 Austin Davis 10,892
67%
Rushing Yards 1 Damion Fletcher 5,302
67%
Receiving Yards 4 DeAndre Brown 2,207
67%
Rushing Yards 5 Derrick Nix 3,584
67%
Passing Yards 4 Dustin Almond 7,342
67%
Rushing Yards 3 Frank Gore Jr. 4,022
67%
Passing Yards 6 Jack Abraham 7,067
67%
Sacks 5 Jamie Collins 21.0
67%
Passing Yards 5 Jeff Kelly 7,095
67%
Sacks T2 Michael Boley 28.0
67%
Receiving Yards 9 Michael Thomas 1,793
67%
Interceptions 3 Patrick Surtain 16
67%
Receiving Yards 2 Quez Watkins 2,404
67%
Interceptions 2 Ray Guy 18
67%
Rushing Yards 10 Reggie Collier 2,304
67%
Tackles 1 Rod Davis 526
67%
Rushing Yards 6 Sammy Winder 3,114
67%
Receiving Yards 3 Todd Pinkston 2,366
67%
Rushing Yards 4 Ben Garry 3,595
33%
Interceptions 4 Billy Devrow 15
33%
Interceptions 1 Bubba Phillips 25
33%
Sacks 4 Cedric Scott 26.0
33%
Tackles 2 Clump Taylor 510
33%
Sacks T2 Cordarro Law 28.0
33%
Passing Yards 8 Heath Graham 4,053
33%
Receiving Yards 5 Jason Brownlee 2,144
33%
Interceptions 5 Kerry Valrie 14
33%
Passing Yards 7 Lee Roberts 6,289
33%
Receiving Yards 8 LeRoy Handy 1,890
33%
Receiving Yards 10 Marvin Young 1,717
33%
Tackles 5 Mike Dennery 431
33%
Tackles T3 Onesimus Henry 438
33%
Passing Yards 9 Rick Donegan 3,753
33%
Rushing Yards 7 Sam Dejarnette 2,908
33%
Receiving Yards 6 Shawn Nelson 2,054
33%
Rushing Yards 9 Shelton Gandy 2,504
33%
Receiving Yards 1 Sherrod Gideon 3,214
33%
Tackles T3 Sidney Coleman 438
33%
Receiving Yards 7 Tim Jones 2,011
33%
Passing Yards 10 Tommy Waters 3,681
33%
Rushing Yards 8 Vincent Alexander 2,648
33%
No matching quizzes found
Score Distribution
Percent of People with Each Score
Percentile by Number Answered
Your Score History
You have not taken this quiz